000 00287nam a2200109 a 4500
008 111206s1975|||| d
100 1 _aSKÁLA - LAMAČOVÁ
245 1 0 _aDieta pri zánetu a chronickem selhaní ledvin
260 _bAvicenum
_aPraha
_c1975
020 _c11
044 _axo
_cSK
999 _c18345
_d18345